000 01017 a2200229 4500
020 _a0471674222
040 _aDLC
_bDLC
082 0 0 _a004.2
245 0 0 _aDependable computing systems: paradigms, performance issues, and applications
_bparadigms, performance issues, and applications
_cHassan B. Diab and Albert Y. Zomaya.
260 _aHoboken, N.J. :
_bJohn Wiley,
_cc2005.
300 _axxxix, 638 p. :
_bill. ;
_c24 cm.
440 0 _aWiley series on parallel and distributed computing
650 0 _aFault-tolerant computing.
650 0 _aFault-tolerant computing
650 0 _aComputers
_xReliability.
700 1 _aDiab, Hassan B.
700 1 _aZomaya, Albert Y.
856 4 1 _3Table of contents only
_uhttp://www.loc.gov/catdir/toc/ecip051/2004021743.html
856 4 1 _3Contributor biographical information
_uhttp://www.loc.gov/catdir/enhancements/fy0616/2004021743-b.html
856 4 1 _3Publisher description
_uhttp://www.loc.gov/catdir/enhancements/fy0616/2004021743-d.html
942 _cBK
_k004.2 DIA
_2ddc
999 _c5411
_d5411